000
00381nam a22001217a 4500
040
_c
RUA
082
_a
ANN OUK 2013 A.126 Or.1
100
_a
OUK MAKARA, អ៊ុក ម៉ាការា
245
_a
Annual Report, របាយការណ៍ប្រចាំឆ្នាំ ២០១៣
260
_a
PHNOM PENH
_b
RUA
_c
20213
300
_a
viii,
_b
ill,
_c
29cm,
942
_c
REC
999
_c
25175
_d
25175